|
|
|
|
| LEADER |
00000nab a2200000uu 4500 |
| 001 |
vtls010886985 |
| 003 |
SK-MaSNL |
| 005 |
20260303135525.0 |
| 008 |
230218|1976 xo |||||||||||||||||slo| |
| 015 |
|
|
|a SNBRB
|
| 035 |
|
|
|a (urnnbn)urn:nbn:sk:snk:ar-003ewl
|
| 035 |
|
|
|a (uuid)207501b2-e711-4342-874c-ebff64a40060
|
| 035 |
|
|
|a urn:nbn:sk:snk-ab8hsh
|
| 040 |
|
|
|a SNKBUCL
|b slo
|c SNKBUCL
|e AACR2
|
| 041 |
0 |
|
|a slo
|
| 044 |
|
|
|a xo
|c SK
|
| 100 |
1 |
|
|a Doležal, Jozef
|4 aut
|9 375134
|
| 245 |
1 |
0 |
|a ANORGANICKÉ SOLI AKO RETARDÉRY HORENIA DREVA I. ZÁKLADNÉ TYPY RETARDÉROV
|c Jozef Doležal, Martin Košík , Peter Mihálik, Vladimír Reiser
|
| 700 |
1 |
|
|a Martin, Košík
|4 aut
|9 1157005
|
| 700 |
1 |
|
|a Mihálik, Peter,
|c iný
|4 aut
|9 1157006
|
| 700 |
1 |
|
|a Reiser, Vladimír
|4 aut
|9 627350
|
| 773 |
0 |
|
|t Drevársky výskum : sborník prác z odboru výskumu dreva
|g Roč. 21, č. 1 (1976), s. 45-54
|
| 954 |
|
|
|a odborná, vedecká literatúra pôvodná (slovenská)
|2 lita
|
| 958 |
|
|
|a OND
|
| 958 |
|
|
|a EUIPO
|
| 958 |
|
|
|a article10
|
| 999 |
|
|
|c 1966366
|d 1968296
|